000 00623nas a2200217 4500
001 BR8702973
003 BR-BrBNA
005 20231205090652.0
007 ta
008 230509b bl.|||p| |||| 00| 00por d
040 _aBR-BrBNA
_bpor
_cBiblioteca Nacional de Agricultura
041 _a(Pt)
072 _aF70
100 1 _aStrehl, T.
245 1 _aA curiosa familia do abacaxi: as bromeliaceas
650 _aABACAXI
650 _aTAXONOMIA VEGETAL
773 0 _tNatureza em Revista (Brazil)
_xISSN 0100-4700
_g(1986), (no. 11) p. 20-23
_wBR8702973
909 _a202311
_bLúcia
_c55
_dLúcia Elande
942 _2AGRIS
_n0
_cANA
999 _c120132
_d120132